[Event "RUS-chT rapid"]
[Site "Sochi"]
[Date "2017.10.03"]
[Round "1.1"]
[White "Tsoi, Dmitry"]
[Black "Kamsky, Gata"]
[Result "0-1"]
[WhiteElo "2361"]
[BlackElo "2676"]
[PlyCount "178"]
[EventDate "2017.10.03"]
[EventType "team-swiss (rapid)"]
[EventRounds "9"]
[EventCountry "RUS"]
[SourceTitle "EXT 2018"]
[Source "ChessBase"]
[SourceDate "2017.10.13"]
[SourceVersion "1"]
[SourceVersionDate "2017.10.13"]
[SourceQuality "1"]
[WhiteTeam "Moscow Region IMBA"]
[BlackTeam "Tatarstan Rook"]
[WhiteTeamCountry "RUS"]
[BlackTeamCountry "RUS"]

1. e4 c5 2. Nf3 e6 3. d4 cxd4 4. Nxd4 a6 5. Nc3 b5 6. Bd3 Qb6 7. Nf3 Qc7 8. O-O
Bb7 9. Qe2 Be7 10. Bg5 h6 11. Bxe7 Nxe7 12. Rad1 O-O 13. e5 Nbc6 14. Be4 Rad8
15. Qd3 Nc8 16. Qe3 d5 17. exd6 Nxd6 18. Bd3 Ne7 19. Qf4 Qc5 20. Qe5 Qxe5 21.
Nxe5 f6 22. Ng4 Nef5 23. Rfe1 Kf7 24. Ne3 Nxe3 25. Rxe3 Rfe8 26. Rde1 e5 27. h4
h5 28. a4 b4 29. Ne4 Bxe4 30. Bxe4 Nxe4 31. Rxe4 a5 32. Rc4 Rc8 33. Ree4 Ke6
34. f4 Kd5 35. b3 Rxc4 36. Rxc4 exf4 37. Rxf4 Re4 38. Rf5+ Re5 39. Rf4 Kd6 40.
Rd4+ Rd5 41. Re4 Rc5 42. Re2 Re5 43. Rd2+ Ke6 44. Kf2 Rc5 45. Ke3 g5 46. hxg5
fxg5 47. Rf2 Ke5 48. Kd2 h4 49. Rf8 Ke4 50. Rb8 Kf4 51. Rb5 Re5 52. c4 bxc3+
53. Kxc3 g4 54. b4 axb4+ 55. Rxb4+ Re4 56. a5 Rxb4 57. Kxb4 h3 58. a6 hxg2 59.
a7 g1=Q 60. a8=Q Qd4+ 61. Kb3 g3 62. Qf8+ Ke3 63. Qe7+ Kd2 64. Qb7 Qd3+ 65. Kb2
Qe2 66. Qd5+ Ke1+ 67. Kc1 g2 68. Qd4 Kf1 69. Qf4+ Qf2 70. Qc4+ Kg1 71. Qe4 Kf1
72. Qc4+ Qe2 73. Qf4+ Kg1 74. Qd4+ Qf2 75. Qe4 Qg3 76. Kd1 Kh2 77. Qh7+ Qh3 78.
Qc7+ Kh1 79. Qc6 Qd3+ 80. Ke1 Qe3+ 81. Kd1 Kh2 82. Qd6+ Kh3 83. Qd7+ Kg3 84.
Qg7+ Kf2 85. Qb2+ Kf3 86. Qf6+ Qf4 87. Qc3+ Kf2 88. Qe1+ Kf3 89. Qg1 Qe3 0-1

[Event "RUS-chT rapid"]
[Site "Sochi"]
[Date "2017.10.03"]
[Round "2.1"]
[White "Kamsky, Gata"]
[Black "Kryakvin, Dmitry"]
[Result "1/2-1/2"]
[WhiteElo "2676"]
[BlackElo "2583"]
[PlyCount "83"]
[EventDate "2017.10.03"]
[EventType "team-swiss (rapid)"]
[EventRounds "9"]
[EventCountry "RUS"]
[SourceTitle "EXT 2018"]
[Source "ChessBase"]
[SourceDate "2017.10.13"]
[SourceVersion "1"]
[SourceVersionDate "2017.10.13"]
[SourceQuality "1"]
[WhiteTeam "Tatarstan Rook"]
[BlackTeam "Moscow Gogol Mogol"]
[WhiteTeamCountry "RUS"]
[BlackTeamCountry "RUS"]

1. e4 c5 2. Nf3 d6 3. d4 cxd4 4. Nxd4 Nf6 5. Nc3 Nc6 6. Be2 e5 7. Nf3 h6 8. O-O
Be7 9. h3 O-O 10. Bc4 Be6 11. Bb3 Na5 12. Qe2 a6 13. Rd1 Nxb3 14. axb3 Qc7 15.
Ne1 Rfd8 16. Nd5 Nxd5 17. exd5 Bf5 18. c4 b5 19. Nc2 Qb7 20. Nb4 Bd7 21. Bd2
Rdc8 22. Bc3 Bg5 23. Qd3 bxc4 24. bxc4 a5 25. Nc2 Qb3 26. Na3 Rab8 27. Qe2 a4
28. Rd3 Qb6 29. Rg3 Qc5 30. Qh5 Rb3 31. Qe2 Rcb8 32. Kh1 Re8 33. Rf1 Bf4 34.
Rf3 Bg5 35. Rg3 Bh4 36. Re3 f5 37. f4 Bf6 38. Nb1 e4 39. Re1 a3 40. bxa3 Bxc3
41. Nxc3 Qxa3 42. Nd1 1/2-1/2

[Event "RUS-chT rapid"]
[Site "Sochi"]
[Date "2017.10.03"]
[Round "4.1"]
[White "Kamsky, Gata"]
[Black "Goryachkina, Aleksandra"]
[Result "1-0"]
[WhiteElo "2676"]
[BlackElo "2478"]
[PlyCount "109"]
[EventDate "2017.10.03"]
[EventType "team-swiss (rapid)"]
[EventRounds "9"]
[EventCountry "RUS"]
[SourceTitle "EXT 2018"]
[Source "ChessBase"]
[SourceDate "2017.10.13"]
[SourceVersion "1"]
[SourceVersionDate "2017.10.13"]
[SourceQuality "1"]
[WhiteTeam "Tatarstan Rook"]
[BlackTeam "Yamal"]
[WhiteTeamCountry "RUS"]
[BlackTeamCountry "RUS"]

1. d4 d5 2. Nf3 Nf6 3. Bf4 c5 4. e3 Nc6 5. Nbd2 e6 6. c3 Bd6 7. Bg3 O-O 8. Bb5
Be7 9. Bd3 Nh5 10. a3 h6 11. b4 cxd4 12. cxd4 Nxg3 13. hxg3 Bf6 14. b5 Na5 15.
O-O Bd7 16. Qb1 Rc8 17. Qb2 Nc4 18. Bxc4 dxc4 19. Ne4 Qa5 20. Nc3 a6 21. a4
Rfd8 22. Rab1 Be7 23. Nd2 Be8 24. Nde4 f6 25. bxa6 bxa6 26. Qb6 Qxb6 27. Rxb6
Rc6 28. Rfb1 a5 29. Rxc6 Bxc6 30. Rb6 Bxe4 31. Nxe4 Rc8 32. Rb2 Bb4 33. Rc2 Rc7
34. g4 Kf7 35. Kf1 Ke7 36. Ke2 g6 37. Nd2 Bxd2 38. Kxd2 Kd6 39. e4 e5 40. Ke3
Rb7 41. dxe5+ Kxe5 42. f4+ Kd6 43. Kd4 Rb3 44. Rxc4 Ra3 45. e5+ fxe5+ 46. fxe5+
Ke7 47. Rc7+ Kd8 48. Rc4 Rg3 49. Kd5 Rxg2 50. Ke6 h5 51. gxh5 gxh5 52. Rh4 Rg6+
53. Kf7 Rg5 54. Rd4+ Kc7 55. e6 1-0

[Event "RUS-chT rapid"]
[Site "Sochi"]
[Date "2017.10.03"]
[Round "5.1"]
[White "Rakhmanov, Alexander"]
[Black "Kamsky, Gata"]
[Result "1/2-1/2"]
[WhiteElo "2654"]
[BlackElo "2676"]
[PlyCount "52"]
[EventDate "2017.10.03"]
[EventType "team-swiss (rapid)"]
[EventRounds "9"]
[EventCountry "RUS"]
[SourceTitle "EXT 2018"]
[Source "ChessBase"]
[SourceDate "2017.10.13"]
[SourceVersion "1"]
[SourceVersionDate "2017.10.13"]
[SourceQuality "1"]
[WhiteTeam "Vologda Region"]
[BlackTeam "Tatarstan Rook"]
[WhiteTeamCountry "RUS"]
[BlackTeamCountry "RUS"]

1. d4 d5 2. c4 c6 3. cxd5 cxd5 4. Bf4 e6 5. Nc3 Bd6 6. Bg3 Ne7 7. e3 Nf5 8. Bd3
Nxg3 9. hxg3 h6 10. f4 Nc6 11. Rc1 Bd7 12. Nf3 Rc8 13. Kf2 g6 14. g4 Kf8 15. g5
Kg7 16. gxh6+ Rxh6 17. Rxh6 Kxh6 18. Ng5 Kg7 19. Qg4 f5 20. Qh3 Qh8 21. Rh1
Qxh3 22. Rxh3 Be7 23. Rh7+ Kg8 24. Rh6 Kg7 25. Rh7+ Kg8 26. Rh6 Kg7 1/2-1/2

[Event "RUS-chT rapid"]
[Site "Sochi"]
[Date "2017.10.04"]
[Round "6.1"]
[White "Kamsky, Gata"]
[Black "Motylev, Alexander"]
[Result "1/2-1/2"]
[WhiteElo "2676"]
[BlackElo "2675"]
[PlyCount "34"]
[EventDate "2017.10.03"]
[EventType "team-swiss (rapid)"]
[EventRounds "9"]
[EventCountry "RUS"]
[SourceTitle "EXT 2018"]
[Source "ChessBase"]
[SourceDate "2017.10.13"]
[SourceVersion "1"]
[SourceVersionDate "2017.10.13"]
[SourceQuality "1"]
[WhiteTeam "Tatarstan Rook"]
[BlackTeam "Legends of Moscow"]
[WhiteTeamCountry "RUS"]
[BlackTeamCountry "RUS"]

1. g3 d5 2. Bg2 e5 3. d3 Nc6 4. a3 a5 5. e3 Nf6 6. b3 Bc5 7. Bb2 O-O 8. Nd2 Re8
9. h3 Qd6 10. Ne2 h5 11. Nc3 Ne7 12. Nf3 Nf5 13. O-O c6 14. Re1 Ba7 15. Qd2 Bd7
16. Rad1 Qc7 17. Kh1 Rad8 1/2-1/2

[Event "RUS-chT rapid"]
[Site "Sochi"]
[Date "2017.10.04"]
[Round "7.1"]
[White "Alekseenko, Kirill"]
[Black "Kamsky, Gata"]
[Result "1/2-1/2"]
[WhiteElo "2563"]
[BlackElo "2676"]
[PlyCount "85"]
[EventDate "2017.10.03"]
[EventType "team-swiss (rapid)"]
[EventRounds "9"]
[EventCountry "RUS"]
[SourceTitle "EXT 2018"]
[Source "ChessBase"]
[SourceDate "2017.10.13"]
[SourceVersion "1"]
[SourceVersionDate "2017.10.13"]
[SourceQuality "1"]
[WhiteTeam "St Petersburg SDYUSSHOR"]
[BlackTeam "Tatarstan Rook"]
[WhiteTeamCountry "RUS"]
[BlackTeamCountry "RUS"]

1. e4 e5 2. Nf3 Nc6 3. Bb5 a6 4. Ba4 Nf6 5. O-O Be7 6. Bxc6 dxc6 7. d3 Nd7 8.
b3 c5 9. Nbd2 O-O 10. Nc4 Bd6 11. Bg5 f6 12. Bd2 Nb8 13. a4 b6 14. Nh4 Nc6 15.
Ne3 Be6 16. Nef5 Qd7 17. Be3 g5 18. Nh6+ Kh8 19. N4f5 Nd4 20. Bxd4 cxd4 21. h4
Bb4 22. Kh2 Qe8 23. Rh1 Qg6 24. Kg1 Rad8 25. g3 Rd7 26. Kg2 g4 27. Qxg4 Qxg4
28. Nxg4 h5 29. Nh2 Rg8 30. Kf3 Rh7 31. Rag1 Bd2 32. Ke2 Bc3 33. Rf1 b5 34.
axb5 axb5 35. Rhg1 Ra8 36. Rb1 Ra2 37. Kd1 c6 38. g4 Rha7 39. Nf3 Ra1 40. Rxa1
Rxa1+ 41. Ke2 Ra2 42. Kd1 Ra1+ 43. Ke2 1/2-1/2

[Event "RUS-chT rapid"]
[Site "Sochi"]
[Date "2017.10.04"]
[Round "8.1"]
[White "Kamsky, Gata"]
[Black "Jakovenko, Dmitrij"]
[Result "1/2-1/2"]
[WhiteElo "2676"]
[BlackElo "2710"]
[PlyCount "144"]
[EventDate "2017.10.03"]
[EventType "team-swiss (rapid)"]
[EventRounds "9"]
[EventCountry "RUS"]
[SourceTitle "EXT 2018"]
[Source "ChessBase"]
[SourceDate "2017.10.13"]
[SourceVersion "1"]
[SourceVersionDate "2017.10.13"]
[SourceQuality "1"]
[WhiteTeam "Tatarstan Rook"]
[BlackTeam "Khanty Mansyisk Yugra"]
[WhiteTeamCountry "RUS"]
[BlackTeamCountry "RUS"]

1. d4 Nf6 2. Nf3 d5 3. Bf4 e6 4. Nbd2 Bd6 5. Bg3 c5 6. e3 Nc6 7. c3 O-O 8. Bd3
b6 9. e4 Be7 10. e5 Nh5 11. Qe2 c4 12. Bc2 b5 13. a3 a5 14. Ng5 Bxg5 15. Qxh5
g6 16. Qe2 f5 17. exf6 Qxf6 18. h4 Bf4 19. Bxf4 Qxf4 20. g3 Qf6 21. f4 Bd7 22.
Nf3 h5 23. O-O Kg7 24. Rfe1 b4 25. axb4 axb4 26. Ba4 Nb8 27. Bxd7 Nxd7 28. Ng5
Rxa1 29. Rxa1 Re8 30. Ra6 Nf8 31. Ra7+ Re7 32. Rxe7+ Qxe7 33. Qe5+ Kg8 34. cxb4
Qxb4 35. Nxe6 Nxe6 36. Qxe6+ Kg7 37. Qxd5 Qe1+ 38. Kh2 Qe2+ 39. Qg2 Qe3 40. Qc2
Qd3 41. Qc3 Kf7 42. Kg1 Qe2 43. d5 Qd1+ 44. Kf2 Qxd5 45. Ke3 Qb5 46. Kd4 Kg7
47. Qa3 Kh7 48. Kc3 Qd5 49. Qe7+ Kg8 50. Qe2 Qa5+ 51. Kc2 Qa4+ 52. Kb1 Qb3 53.
f5 gxf5 54. Qe8+ Kg7 55. Qe7+ Kg8 56. Qg5+ Kh8 57. Qxh5+ Kg7 58. Qg5+ Kh8 59.
Kc1 Qd3 60. Qf4 Kg7 61. Qe5+ Kg6 62. Qe8+ Kg7 63. Qe7+ Kg6 64. Qe1 Kf7 65. Qf2
c3 66. b3 Kg6 67. Qf4 c2 68. Qg5+ Kf7 69. Qd2 Qxb3 70. Qxc2 Qe3+ 71. Kb2 Qxg3
72. Qxf5+ Kg7 1/2-1/2

[Event "RUS-chT rapid"]
[Site "Sochi"]
[Date "2017.10.04"]
[Round "9.1"]
[White "Dubov, Daniil"]
[Black "Kamsky, Gata"]
[Result "1/2-1/2"]
[WhiteElo "2677"]
[BlackElo "2676"]
[PlyCount "39"]
[EventDate "2017.10.03"]
[EventType "team-swiss (rapid)"]
[EventRounds "9"]
[EventCountry "RUS"]
[SourceTitle "EXT 2018"]
[Source "ChessBase"]
[SourceDate "2017.10.13"]
[SourceVersion "1"]
[SourceVersionDate "2017.10.13"]
[SourceQuality "1"]
[WhiteTeam "Moscow Fighters for the Idea"]
[BlackTeam "Tatarstan Rook"]
[WhiteTeamCountry "RUS"]
[BlackTeamCountry "RUS"]

1. e4 e5 2. Nf3 Nc6 3. Bc4 Bc5 4. c3 Nf6 5. d3 a6 6. b4 Ba7 7. Bb3 d6 8. O-O h6
9. Nbd2 O-O 10. a4 Be6 11. Bb2 Re8 12. b5 Nb8 13. Bc2 Nbd7 14. d4 c6 15. bxc6
bxc6 16. Ba3 Qc7 17. Re1 Bg4 18. h3 Bxf3 19. Nxf3 d5 20. exd5 1/2-1/2

[Event "RUS-chT blitz"]
[Site "Sochi"]
[Date "2017.10.05"]
[Round "1"]
[White "Chos, Alexey"]
[Black "Kamsky, Gata"]
[Result "0-1"]
[WhiteElo "2317"]
[BlackElo "2676"]
[PlyCount "122"]
[EventDate "2017.10.05"]
[EventType "team-swiss (blitz)"]
[EventRounds "15"]
[EventCountry "RUS"]
[SourceTitle "CBM 181 Extra"]
[Source "ChessBase"]
[SourceDate "2017.12.12"]
[SourceVersion "1"]
[SourceVersionDate "2017.12.12"]
[SourceQuality "1"]
[WhiteTeam "Crimea Republic"]
[BlackTeam "Tatarstan Rook"]
[WhiteTeamCountry "RUS"]
[BlackTeamCountry "RUS"]

1. e4 c5 2. Nf3 e6 3. c3 d5 4. e5 d4 5. Bb5+ Bd7 6. Bxd7+ Qxd7 7. d3 dxc3 8.
bxc3 Ne7 9. O-O Nbc6 10. Qe2 Nd5 11. Bg5 h6 12. Bd2 Be7 13. Na3 Rd8 14. Rfd1
O-O 15. Nc4 b5 16. Ne3 Nf4 17. Qf1 Qxd3 18. Be1 Qxf1+ 19. Kxf1 Nd3 20. Rab1 a6
21. a4 bxa4 22. Rb6 Ndxe5 23. Nxe5 Nxe5 24. Rxd8 Rxd8 25. Rxa6 Rb8 26. Rxa4 Rb1
27. Ke2 Rb2+ 28. Kf1 Nd3 29. Ra1 Bf6 30. c4 Rxf2+ 31. Bxf2 Bxa1 32. Nc2 Be5 33.
Bg1 Bd6 34. Ke2 Nb2 35. Na1 Nxc4 36. Nb3 f5 37. h3 Kf7 38. Bxc5 Bc7 39. Nd4 g6
40. Nf3 e5 41. Kd3 Na5 42. Ke2 Ke6 43. Bf8 h5 44. Ng5+ Kf6 45. h4 Nc6 46. Bc5
e4 47. Nh7+ Kg7 48. Ng5 Bd8 49. Ne6+ Kf7 50. Nxd8+ Nxd8 51. g3 Ke6 52. Be3 Kd5
53. Kd2 Nc6 54. Ke2 Nd4+ 55. Kd2 Kc4 56. Bf4 Ne6 57. Be3 Kd5 58. Ba7 f4 59.
gxf4 Nxf4 60. Kc3 Ng2 61. Bf2 e3 0-1

[Event "RUS-chT blitz"]
[Site "Sochi"]
[Date "2017.10.05"]
[Round "2"]
[White "Kamsky, Gata"]
[Black "Oganian, Miran"]
[Result "1/2-1/2"]
[WhiteElo "2676"]
[BlackElo "2454"]
[PlyCount "121"]
[EventDate "2017.10.05"]
[EventType "team-swiss (blitz)"]
[EventRounds "15"]
[EventCountry "RUS"]
[SourceTitle "CBM 181 Extra"]
[Source "ChessBase"]
[SourceDate "2017.12.12"]
[SourceVersion "1"]
[SourceVersionDate "2017.12.12"]
[SourceQuality "1"]
[WhiteTeam "Tatarstan Rook"]
[BlackTeam "Krasnodar Territory AQ"]
[WhiteTeamCountry "RUS"]
[BlackTeamCountry "RUS"]

1. d4 Nf6 2. Nf3 d5 3. Bf4 c5 4. e3 Nc6 5. Nbd2 Bf5 6. dxc5 e6 7. Nb3 Bxc5 8.
Nxc5 Qa5+ 9. c3 Qxc5 10. h3 h6 11. Be2 O-O 12. O-O Rfd8 13. Qb3 Qe7 14. Ne5
Nxe5 15. Bxe5 Ne4 16. Rad1 Nc5 17. Qa3 Qf8 18. c4 dxc4 19. Bxc4 Nd3 20. Qxf8+
Kxf8 21. Bd4 Rxd4 22. exd4 Nxb2 23. Rc1 Nxc4 24. Rxc4 Bd3 25. Rc7 Bxf1 26. Kxf1
b6 27. Ke2 Ke8 28. Ke3 b5 29. Rb7 a6 30. Rb6 Ra7 31. h4 Kd7 32. Rb8 Rc7 33. Kd3
h5 34. Ra8 Rc6 35. Ra7+ Ke8 36. g3 g6 37. a3 Kf8 38. Kd2 Kg7 39. Kd3 Kf6 40.
Kd2 Rc4 41. Rxa6 Rxd4+ 42. Ke2 Ra4 43. Rb6 Rxa3 44. Rxb5 e5 45. Rb7 Ke6 46.
Rb6+ Kf5 47. Rb7 f6 48. Rg7 Ra2+ 49. Ke3 Ra3+ 50. Ke2 g5 51. hxg5 fxg5 52. Rh7
Kg4 53. Re7 Ra5 54. Rg7 h4 55. gxh4 Kxh4 56. Kf3 Ra3+ 57. Kg2 Kg4 58. Re7 Kf5
59. Rf7+ Kg6 60. Re7 Kf6 61. Re8 1/2-1/2

[Event "RUS-chT blitz"]
[Site "Sochi"]
[Date "2017.10.05"]
[Round "3"]
[White "Alekseev, Evgeny V"]
[Black "Kamsky, Gata"]
[Result "1/2-1/2"]
[WhiteElo "2622"]
[BlackElo "2676"]
[PlyCount "65"]
[EventDate "2017.10.05"]
[EventType "team-swiss (blitz)"]
[EventRounds "15"]
[EventCountry "RUS"]
[SourceTitle "CBM 181 Extra"]
[Source "ChessBase"]
[SourceDate "2017.12.12"]
[SourceVersion "1"]
[SourceVersionDate "2017.12.12"]
[SourceQuality "1"]
[WhiteTeam "St Petersburg SDYUSSHOR"]
[BlackTeam "Tatarstan Rook"]
[WhiteTeamCountry "RUS"]
[BlackTeamCountry "RUS"]

1. e4 c5 2. Nf3 e6 3. d4 cxd4 4. Nxd4 a6 5. Be2 b6 6. O-O Bb7 7. Nc3 Qc7 8. f4
Nc6 9. Nb3 Bb4 10. Bd2 Nf6 11. Bd3 h5 12. a3 Be7 13. e5 Ng8 14. Ne4 f5 15. exf6
Nxf6 16. Nxf6+ Bxf6 17. Bg6+ Kf8 18. Rb1 h4 19. h3 a5 20. Bc3 Ne7 21. Bd3 Qc6
22. Qd2 Bxc3 23. bxc3 Rh6 24. Nd4 Qd6 25. f5 e5 26. f6 Rxf6 27. Rxf6+ gxf6 28.
Qh6+ Ke8 29. Qh8+ Kf7 30. Qh7+ Ke8 31. Qh8+ Kf7 32. Qh7+ Ke8 33. Qh8+ 1/2-1/2

[Event "RUS-chT blitz"]
[Site "Sochi"]
[Date "2017.10.05"]
[Round "4"]
[White "Kamsky, Gata"]
[Black "Pridorozhni, Aleksei"]
[Result "1/2-1/2"]
[WhiteElo "2676"]
[BlackElo "2565"]
[PlyCount "53"]
[EventDate "2017.10.05"]
[EventType "team-swiss (blitz)"]
[EventRounds "15"]
[EventCountry "RUS"]
[SourceTitle "CBM 181 Extra"]
[Source "ChessBase"]
[SourceDate "2017.12.12"]
[SourceVersion "1"]
[SourceVersionDate "2017.12.12"]
[SourceQuality "1"]
[WhiteTeam "Tatarstan Rook"]
[BlackTeam "Khanty Mansyisk Yugra"]
[WhiteTeamCountry "RUS"]
[BlackTeamCountry "RUS"]

1. d4 d6 2. Nf3 Bg4 3. e4 Nd7 4. c3 Ngf6 5. h3 Bxf3 6. Qxf3 c6 7. Bc4 e6 8. Bb3
Be7 9. O-O O-O 10. Re1 e5 11. Nd2 a5 12. Nf1 a4 13. Bc2 Re8 14. Ng3 g6 15. Rd1
Qc7 16. a3 Bf8 17. Bg5 Bg7 18. Rac1 h6 19. Be3 d5 20. dxe5 Nxe5 21. Qf4 b5 22.
Bd4 c5 23. Bxe5 Rxe5 24. Qf3 Rd8 25. exd5 Rexd5 26. Rxd5 Rxd5 27. Rd1 1/2-1/2

[Event "RUS-chT blitz"]
[Site "Sochi"]
[Date "2017.10.05"]
[Round "5"]
[White "Rozum, Ivan"]
[Black "Kamsky, Gata"]
[Result "1/2-1/2"]
[WhiteElo "2586"]
[BlackElo "2676"]
[PlyCount "142"]
[EventDate "2017.10.05"]
[EventType "team-swiss (blitz)"]
[EventRounds "15"]
[EventCountry "RUS"]
[SourceTitle "CBM 181 Extra"]
[Source "ChessBase"]
[SourceDate "2017.12.12"]
[SourceVersion "1"]
[SourceVersionDate "2017.12.12"]
[SourceQuality "1"]
[WhiteTeam "Vologda Region"]
[BlackTeam "Tatarstan Rook"]
[WhiteTeamCountry "RUS"]
[BlackTeamCountry "RUS"]

1. c4 c6 2. g3 g6 3. Bg2 Bg7 4. Nf3 Nf6 5. b3 O-O 6. Bb2 d5 7. O-O a5 8. d3 Na6
9. a3 Bg4 10. Nbd2 Bxf3 11. Nxf3 e6 12. Qc2 Qb6 13. Rab1 Rfd8 14. Bc3 Nd7 15.
d4 Nc7 16. Rfd1 Ne8 17. e3 Qa7 18. Nd2 Nd6 19. c5 Nb5 20. Bb2 e5 21. Nf3 exd4
22. exd4 Re8 23. Bf1 Nc7 24. Re1 Ne6 25. Bh3 Ndf8 26. Ne5 Qb8 27. Nf3 Qc7 28.
Re2 b6 29. cxb6 Qxb6 30. Rbe1 Rab8 31. Re3 Nc7 32. Rxe8 Rxe8 33. Rxe8 Nxe8 34.
Ne5 Nc7 35. Nxc6 Bf6 36. Ne5 Nb5 37. Qd3 Nc7 38. Ng4 Bg7 39. Ne3 Nfe6 40. Bxe6
fxe6 41. h4 Nb5 42. Nc2 Nd6 43. Qc3 h5 44. Qd3 Qc6 45. Qxg6 Ne4 46. Ne1 Qa6 47.
Qxh5 Qb5 48. Qf3 Nd2 49. Qd3 Qxd3 50. Nxd3 Nxb3 51. a4 Nxd4 52. Kg2 Kf7 53. Nc5
Bf6 54. Nd7 Bg7 55. Nc5 Bf6 56. g4 Nc6 57. Bxf6 Kxf6 58. g5+ Kf5 59. Kg3 e5 60.
Nb7 d4 61. Nd6+ Ke6 62. Ne4 Kf5 63. f3 d3 64. h5 Nd4 65. g6 Ne6 66. Kf2 d2 67.
Ke2 Nf4+ 68. Kxd2 Nxh5 69. Ng3+ Kxg6 70. Ne2 Kf5 71. Nc1 e4 1/2-1/2

[Event "RUS-chT blitz"]
[Site "Sochi"]
[Date "2017.10.05"]
[Round "6"]
[White "Kamsky, Gata"]
[Black "Sjugirov, Sanan"]
[Result "0-1"]
[WhiteElo "2676"]
[BlackElo "2650"]
[PlyCount "172"]
[EventDate "2017.10.05"]
[EventType "team-swiss (blitz)"]
[EventRounds "15"]
[EventCountry "RUS"]
[SourceTitle "CBM 181 Extra"]
[Source "ChessBase"]
[SourceDate "2017.12.12"]
[SourceVersion "1"]
[SourceVersionDate "2017.12.12"]
[SourceQuality "1"]
[WhiteTeam "Tatarstan Rook"]
[BlackTeam "Samara Bukavshin"]
[WhiteTeamCountry "RUS"]
[BlackTeamCountry "RUS"]

1. d4 Nf6 2. Nf3 e6 3. Bf4 c5 4. e3 cxd4 5. exd4 b6 6. Nbd2 Bb7 7. Bd3 Be7 8.
h3 d6 9. O-O O-O 10. Re1 Nbd7 11. a4 a6 12. Bh2 h6 13. a5 b5 14. c4 bxc4 15.
Nxc4 Qb8 16. Ra3 Bd5 17. Nfd2 Rc8 18. Rb3 Qc7 19. Rc3 Qb8 20. Qa1 Ne8 21. Ne3
Rxc3 22. bxc3 Bb7 23. Rb1 Qc7 24. c4 Bf6 25. Ng4 Bg5 26. Nf1 h5 27. Nge3 Bf6
28. Be2 g6 29. Rd1 Rb8 30. Qa3 e5 31. Nd5 Bxd5 32. cxd5 exd4 33. Bxa6 Ra8 34.
Be2 Rxa5 35. Qb4 Ra2 36. Bc4 Rc2 37. Bd3 Rc3 38. Bb5 Qb7 39. Qb1 Qc7 40. Nd2
Ng7 41. Bxd7 Qxd7 42. Ne4 Qd8 43. Bxd6 Rc8 44. Bf4 Nf5 45. d6 Bg7 46. Qb7 Rb8
47. Qc7 Rc8 48. Qb7 Rb8 49. Qc7 Rc8 50. Qxd8+ Rxd8 51. g4 hxg4 52. hxg4 Nh4 53.
Rd3 f5 54. Nc5 Bf8 55. Ne6 Bxd6 56. Nxd8 Bxf4 57. Ne6 Be5 58. Rh3 Kf7 59. Nxd4
Bxd4 60. Rxh4 Bf6 61. Rh7+ Kg8 62. Rc7 fxg4 63. Rc4 Kf7 64. Rxg4 Be5 65. Kg2
Kf6 66. Ra4 Kf5 67. Kf3 Bf6 68. Ra6 Bc3 69. Rc6 Be5 70. Rc5 Ke6 71. Kg4 Bf6 72.
Rc6+ Kf7 73. Rc7+ Ke6 74. f4 Kd6 75. Ra7 Ke6 76. Rb7 Kd6 77. Kf3 Ke6 78. Ke4
Bc3 79. Rb6+ Kf7 80. Rb3 Ba1 81. Kd5 Kf6 82. Ke4 Kf7 83. Rb7+ Ke6 84. Rb6+ Kf7
85. Kd5 Bc3 86. Rc6 Bb2 0-1

[Event "RUS-chT blitz"]
[Site "Sochi"]
[Date "2017.10.05"]
[Round "7"]
[White "Morozevich, Alexander"]
[Black "Kamsky, Gata"]
[Result "1-0"]
[WhiteElo "2665"]
[BlackElo "2676"]
[PlyCount "71"]
[EventDate "2017.10.05"]
[EventType "team-swiss (blitz)"]
[EventRounds "15"]
[EventCountry "RUS"]
[SourceTitle "CBM 181 Extra"]
[Source "ChessBase"]
[SourceDate "2017.12.12"]
[SourceVersion "1"]
[SourceVersionDate "2017.12.12"]
[SourceQuality "1"]
[WhiteTeam "Moscow Fighters for the Idea"]
[BlackTeam "Tatarstan Rook"]
[WhiteTeamCountry "RUS"]
[BlackTeamCountry "RUS"]

1. d4 d5 2. c4 c6 3. Nf3 Nf6 4. Nc3 a6 5. a4 e6 6. a5 c5 7. cxd5 Nxd5 8. Bg5
Nxc3 9. bxc3 Be7 10. Bxe7 Qxe7 11. g3 Bd7 12. Bg2 Bc6 13. O-O O-O 14. Qb3 Rd8
15. e3 Bd5 16. Qa3 Nc6 17. Rfb1 Rac8 18. Ne1 Bxg2 19. Nxg2 e5 20. Qxc5 Qxc5 21.
dxc5 Rd5 22. Rxb7 Rxc5 23. Rb6 Nxa5 24. Rxa6 Nb3 25. Rd1 Rxc3 26. Nh4 g6 27.
Nf3 e4 28. Ng5 Nc5 29. Ra7 h6 30. Nxf7 Nd3 31. Nxh6+ Kh8 32. Ng4 Rf8 33. Rb1
Rc5 34. Rbb7 Rh5 35. h4 Ne1 36. Nf6 1-0

[Event "RUS-chT blitz"]
[Site "Sochi"]
[Date "2017.10.05"]
[Round "8"]
[White "Kamsky, Gata"]
[Black "Popov, Ivan1"]
[Result "1-0"]
[WhiteElo "2676"]
[BlackElo "2609"]
[PlyCount "94"]
[EventDate "2017.10.05"]
[EventType "team-swiss (blitz)"]
[EventRounds "15"]
[EventCountry "RUS"]
[SourceTitle "CBM 181 Extra"]
[Source "ChessBase"]
[SourceDate "2017.12.12"]
[SourceVersion "1"]
[SourceVersionDate "2017.12.12"]
[SourceQuality "1"]
[WhiteTeam "Tatarstan Rook"]
[BlackTeam "Legends of Moscow"]
[WhiteTeamCountry "RUS"]
[BlackTeamCountry "RUS"]

1. d4 e6 2. Nf3 c5 3. c3 d5 4. Bf4 Bd6 5. Bg3 Nc6 6. e3 Nf6 7. Nbd2 Qe7 8. Ne5
Bxe5 9. dxe5 Nd7 10. Bb5 O-O 11. Bxc6 bxc6 12. c4 Nb6 13. b3 a5 14. O-O a4 15.
Qc2 axb3 16. axb3 Bb7 17. h4 Rxa1 18. Rxa1 Ra8 19. Rxa8+ Bxa8 20. Qa2 Qb7 21.
Qa5 h6 22. h5 Kh7 23. Kh2 Nc8 24. Qxc5 Qe7 25. Qa5 Bb7 26. cxd5 cxd5 27. Nf3
Qd7 28. Bh4 Qc6 29. Nd4 Qb6 30. Qxb6 Nxb6 31. Be7 Kg8 32. f4 Nd7 33. Kg3 Ba6
34. b4 f6 35. b5 Bc8 36. Bd6 Kf7 37. Kf2 fxe5 38. Bxe5 Nb6 39. g4 Nc4 40. Ke2
g6 41. Kd3 gxh5 42. gxh5 Ke7 43. Bg7 Kf7 44. Bxh6 e5 45. fxe5 Nxe5+ 46. Kc3 Nc4
47. Bf4 Bf5 1-0

[Event "RUS-chT blitz"]
[Site "Sochi"]
[Date "2017.10.05"]
[Round "9"]
[White "Demidov, Mikhail"]
[Black "Kamsky, Gata"]
[Result "0-1"]
[WhiteElo "2523"]
[BlackElo "2676"]
[PlyCount "112"]
[EventDate "2017.10.05"]
[EventType "team-swiss (blitz)"]
[EventRounds "15"]
[EventCountry "RUS"]
[SourceTitle "CBM 181 Extra"]
[Source "ChessBase"]
[SourceDate "2017.12.12"]
[SourceVersion "1"]
[SourceVersionDate "2017.12.12"]
[SourceQuality "1"]
[WhiteTeam "Moscow Locomotive"]
[BlackTeam "Tatarstan Rook"]
[WhiteTeamCountry "RUS"]
[BlackTeamCountry "RUS"]

1. d4 f5 2. g3 Nf6 3. Bg2 g6 4. Nh3 Bg7 5. Nf4 Nc6 6. d5 Ne5 7. Nd2 Nf7 8. O-O
e6 9. dxe6 dxe6 10. Nc4 O-O 11. Qxd8 Rxd8 12. Nd3 c6 13. a4 Nd5 14. e4 Nb6 15.
Nxb6 axb6 16. Be3 Bd4 17. exf5 exf5 18. Rfe1 Bxe3 19. Rxe3 Bd7 20. b4 Kf8 21.
Ree1 Re8 22. Kf1 Be6 23. Kg1 Bc4 24. Nb2 Be6 25. Nd3 Bc4 26. Nb2 Rxe1+ 27. Rxe1
Ba2 28. Ra1 Be6 29. h4 Ke7 30. Re1 Kf6 31. Rd1 h6 32. f4 g5 33. hxg5+ hxg5 34.
fxg5+ Nxg5 35. b5 cxb5 36. axb5 Ra2 37. Nd3 Rxc2 38. Nf4 Rc5 39. Bxb7 Rxb5 40.
Bg2 Bf7 41. Rd7 Rb1+ 42. Kf2 Rb2+ 43. Ke3 Rb3+ 44. Kf2 Bc4 45. Rc7 b5 46. Rc6+
Ke5 47. Rc5+ Kf6 48. Nh5+ Ke7 49. Rxf5 Rb2+ 50. Kg1 Ne6 51. Re5 Kd6 52. Re3 b4
53. Nf6 b3 54. Rc3 Rc2 55. Ne4+ Ke5 56. g4 b2 0-1